LEADER 01274nam a2200277 i 4500 001 000000062597 003 CaOOAMICUS 005 20181019161621.0 008 130306s1983 it u000 u ita u 013 $a33769 020 $a88-215-0721-1 040 $aSeMil$bita 100 1 $aDe Fiores, Stefano,$c.$0(OLS)http://semarc/name/335 245 13$aLa Consacrazione dell'Italia a Maria :$bteologia. Storia. Cronaca /$cStefano De Fiores ... [et al.] ; Presentazione del Card. Carlo Maria Martini. 260 $aRoma :$bEdizioni Paoline,$c1983. 300 $a144 p. ;$c20 cm. 490 0 $aAlma Mater. Mariologia [San Paolo] ;$v5 650 4$aMadonna - Culto.$0(OLS)http://semarc/subject/1204 700 1 $aMartini, Carlo Maria,$c.$0(OLS)http://semarc/name/89159 830 0$aAlma Mater ;$v5.$0(OLS)http://semarc/title/419335 850 $aSeMil 852 $aSeMil$W1$xVenegono$y1$m2L IV 175$j28750$B28750$CSeMilBibl$Z2$F28753 $81 996 $6020$a88-215-0721-1$9(OLS)http://semarc/number/39190 996 $6245$aLa Consacrazione dell'Italia a Maria :$bteologia. Storia. Cronaca$9(OLS)http://semarc/title/98577 996 $6260$aRoma :$bEdizioni Paoline$9(OLS)http://semarc/publisher/29700 LEADER 00846nam a2200217 i 4500 001 000000080896 003 CaOOAMICUS 005 20030626000000.0 008 030626s1971 fr u000 u mul u 013 $a53134 040 $aSeMil$bita 245 10$aSermons 18-41. 300 $a290 p. 490 0 $aSources Chrétiennes ;$vN°164 700 0 $aChromatius : Aquileiensis,$c.$0(OLS)http://semarc/name/3703 773 0 $aChromatius : Aquileiensis $tSermons.$dParis : Les Éditions du Cerf, 1969-1971.$gTome2$w()9592 830 0$aSources chrétiennes ;$vN°164.$0(OLS)http://semarc/title/72 850 $aSeMil 852 $aSeMil$W1$xVenegono$y1$mSL1.T III 164$j46263$B46263$CSeMilBibl$Z2$F48493 $8I 961 $aLascito: Colombo Card. Giovanni 996 $6245$aSermons 18-41$9(OLS)http://semarc/title/128495